CERTAINS ASPECTS DU DÉVELOPPEMENT DE LA PROSE VIETNAMIENNE PENDANT LES ANNÉES 1959-1965

Bibliographic Details
Main Author: Múčka, Ján (Author)
Format: Article
Language:French

MARC

LEADER 00000nab a2200000ua 4500
001 vtls010837931
003 SK-MaSNL
005 20260303144141.0
008 230222s1984 xo |||||||||||||||||fre|
035 |a (urnnbn)urn:nbn:sk:snk:ar-a06uus 
035 |a urn:nbn:sk:snk-ab61az 
035 |a (uuid)05f197d3-c0a5-491f-a2c6-48fcfc2c1d42 
040 |a SNKBUCL  |b slo  |c SNKBUCL  |e AACR2 
041 0 |a fre 
044 |a xo  |c SK 
100 1 |a Múčka, Ján  |4 aut  |9 1165426 
245 1 0 |a CERTAINS ASPECTS DU DÉVELOPPEMENT DE LA PROSE VIETNAMIENNE PENDANT LES ANNÉES 1959-1965  |c Ján Múčka 
773 0 |t Asian and African studies  |g Roč. 20, č. 1 (1984), s. 101-110 
958 |a OND 
958 |a EUIPO 
958 |a article5 
999 |c 1994913  |d 1996843